| 000 | 00474cam a2200181ua 4500 | ||
|---|---|---|---|
| 041 |
_aeng _h |
||
| 082 |
_a612.654 _bGOO/CH |
||
| 100 | _aGood speed , Helen. . | ||
| 245 |
_aChild care and Guidance / _cC.Helen Good speed. _hTextual Documents |
||
| 250 |
_arev / _b. |
||
| 260 |
_aChicago : _bJ B Lippincott Company , _c1953. |
||
| 300 | _a278 ; . | ||
| 504 | _a | ||
| 700 | 1 | _aMason, Esther R . | |
| 700 | 1 | _aWoods, Elizabeth L . | |
| 942 | _cBK | ||
| 999 |
_c653 _d653 |
||